000 03877cam a2200565 i 4500
001 200468102
003 TR-AnTOB
005 20260414105721.0
007 ta
008 260414t19791979onc 000 j eng
010 _a 80151118
015 _aC79-945843
015 _a790945843
_2can
016 _a(AMICUS)000000905257
020 _a0887840787
_q(paperback)
020 _a9780887840784
_q(paperback)
020 _a9780887848841
_q(ebook)
020 _a0887848842
035 _a(CLU)76573-ucladb-Voyager
035 _a(OCoLC)08219471
_z(OCoLC)5924691
_z(OCoLC)51272720
_z(OCoLC)1066970824
035 _a(OCoLC)ocm08219471
035 _a(EXLNZ-01UCS_NETWORK)9912773317906531
035 _a(TR-AnTOB)200468102
040 _aDLC
_beng
_erda
_cDLC
_dOCL
_dOCLCQ
_dUKM
_dDIBAM
_dBAKER
_dBTCTA
_dK6U
_dXBM
_dBDX
_dGBVCP
_dOCLCO
_dOCLCF
_dP4I
_dOCLCQ
_dOCLCO
_dOCLCQ
_dCNUTO
_dNLC
_dOCLCQ
_dNLE
_dOCLCO
_dSTMCL
_dLUE
_dUWO
_dCNKEY
_dLGG
_dOCL
_dOCLCO
_dOCLCL
_dJG0
_dTR-AnTOB
041 1 _aeng
_hfre
043 _an-cn---
050 0 0 _aPQ3919.2.C25
_bE513 1979
090 _aPQ3919.2.C25
_bE513 1979
100 1 _aCarrier, Roch
_eauthor
_4aut
_0http://id.loc.gov/authorities/names/n50033106
_9153640
240 1 0 _aEnfants du bonhomme dans la lune.
_lEnglish
245 1 4 _aThe hockey sweater and other stories /
_cRoch Carrier ; translated by Sheila Fischman.
264 1 _aToronto :
_bHouse of Anansi Press,
_c[1979]
264 4 _c©1979
300 _a160 pages ;
_c22 cm
336 _atext
_btxt
_2rdacontent
337 _aunmediated
_bn
_2rdamedia
338 _avolume
_bnc
_2rdacarrier
490 0 _aAnasi fiction series ;
_vAF 40
505 0 _aThe nun who returned to Ireland --The shoemaker -- Idiot death -- The machine for detecting everything that's American -- The day I became an apostate -- The month of the dead -- Son of a smaller hero -- Pierrette's bump -- When the taxes split the roof -- The hockey sweater -- Foxes need fresh water -- A great hunter -- What language do bears speak? -- Industry in our village -- Perhaps the trees do travel -- The good people and the bad people -- Do medals float on the ocean? -- Grandfather's fear -- The sorceror -- A secret lost in winter.
520 _aThese funny, nostalgic stories of growing up in a Quebec village enchanted audiences across Canada when Carrier read them on CBC radio and television. Now collected into a book for the first time, The Hockey Sweater and other stories reveals Carrier at the top of his incomparable form: a young Quebec boy, mad for the Canadiens, is sent a Toronto Maple Leaves sweater by mistake; an Irish nun, stranded among the Québécois, tries to walk back home to the Emerald Isle; an English-Canadian animal trainer finds himself in the ring with a bear who is not bilingual; the bravest man in the village hides his secret weakness: a terror of Protestants. With twenty stories in all, this book offers a rich gallery of Carrier eccentrics, as well as shrewed insights into English/French tensions in Quebec, racial attitudes, the dominance of the Catholic Church, and the vagaries of Dupless politics. A book for the young at heart, the Hockey Sweater set to be one of the most popular books by the author of La Guerre, Yes Sir!, They Won't Demolish Me! and The Garden of Delights. -- From back cover
546 _aEnglish translation of: Les enfants du bonhomme dans la lune.
650 0 _aShort stories, French-Canadian
_vTranslations into English
_9153641
650 0 _aFrench Canadians
_xSocial life and customs
_vFiction
_9153642
651 0 _aCanada
_xSocial life and customs
_vFiction
_9153643
655 7 _aShort stories
_2lcgft
_0http://id.loc.gov/authorities/genreForms/gf2014026542
_9153047
700 1 _aFischman, Sheila
_etranslator
_4trl
_0http://id.loc.gov/authorities/names/n78007124
_9153644
942 _2lcc
_cBK
999 _c200468102
_d86314